El poder de seis sigma
Enregistré dans:
| Auteur principal: | |
|---|---|
| Format: | Livre |
| Langue: | espagnol |
| Publié: |
Madrid
Pearson Educación
2001
|
| Sujets: | |
| Tags: |
Ajouter un tag
Pas de tags, Soyez le premier à ajouter un tag!
|
MARC
| LEADER | 00000nam a2200000 a 4500 | ||
|---|---|---|---|
| 001 | UCM9414 | ||
| 003 | CL-VaPUC | ||
| 008 | 030425e20010000SP |||||||||||||||||spa|d | ||
| 082 | 0 | 4 | |a 658 |b CHO |2 21 |
| 100 | 0 | |a Chowdhury, Subir |e author |9 475930 | |
| 245 | 1 | 3 | |a El poder de seis sigma |
| 300 | |a 151 p | ||
| 942 | |c BK | ||
| 945 | |d 20030425 00:00:00 |a vberengu | ||
| 260 | |a Madrid |b Pearson Educación |c 2001 | ||
| 650 | 0 | |a Planificación estratégica |9 259735 | |
| 650 | 0 | |a Administración de empresas |9 260833 | |
| 650 | 0 | |a Ciencias administrativas |9 337994 | |
| 583 | |a last modification |c 20030425 00:00:00 |k Rodrigo Vera | ||
| 999 | |c 303683 |d 303681 | ||
| 952 | |0 0 |1 0 |4 0 |6 658_000000000000000_CHO_2001 |7 0 |8 A |9 365166 |a BIBENE |b BIBENE |d 2019-11-21 |i 3874648 |o 658 CHO 2001 |p 3874648 |r 2025-01-15 |w 2019-11-21 |y BK |k ICO | ||